Evaluation of Epoxidised Natural Rubber latices for adhesives (Record no. 58923)

MARC details
000 -LEADER
fixed length control field 00283nam a2200109Ia 4500
100 ## - MAIN ENTRY--AUTHOR NAME
Personal name Wong Sean Giap
245 #0 - TITLE STATEMENT
Title Evaluation of Epoxidised Natural Rubber latices for adhesives
650 ## - SUBJECT ADDED ENTRY--TOPICAL TERM
Topical Term Adhesives
650 ## - SUBJECT ADDED ENTRY--TOPICAL TERM
Topical Term Epoxidised natural rubber
700 ## - ADDED ENTRY--PERSONAL NAME
Personal name Chen Seong Fong
942 ## - ADDED ENTRY ELEMENTS (KOHA)
Koha item type Journals
Holdings
Withdrawn status Lost status Damaged status Not for loan Home library Current library Date acquired Koha item type
      Journals RRII Library RRII Library 17/12/2021 Journals